Statistics for Boca Juniors 2018/2019 Squad

Click here to take the quiz!

General Stats

  • This quiz has been taken 30 times
    (28 since last reset)
  • The average score is 14 of 21

Answer Stats

No.Answer% Correct
31Argentina (GK)Esteban Andrada
100%
16Italy (MF)Daniele De Rossi
100%
18Colombia (DF)Frank Fabra
95%
32Argentina (FW)Carlos Tevez
85%
20Argentina (DF)Lisandro López
85%
24Argentina (DF)Carlos Izquierdoz
80%
3Argentina (DF)Emmanuel Más
80%
4Argentina (DF)Julio Buffarini
80%
22Colombia (FW)Sebastián Villa
80%
17Argentina (FW)Ramón Ábila
75%
6Paraguay (DF)Junior Alonso
70%
-Argentina (MAN)Gustavo Alfaro
65%
27Colombia (MF)Jorman Campuzano
60%
19Argentina (FW)Mauro Zárate
60%
12Argentina (GK)Marcos Díaz
50%
11Argentina (FW)Eduardo Salvio
50%
39Argentina (MF)Agustín Almendra
45%
2Argentina (DF)Paolo Goltz
40%
23Argentina (MF)Iván Marcone
35%
30Argentina (MF)Emanuel Reynoso
30%
25Argentina (GK)Javier Bustillos
15%

Score Distribution

Percentile by Number Answered

Percent of People with Each Score

Your Score History

You have not taken this quiz since the last reset